[Event "4NCL/Div2/GUI3 vs. WES1"]
[Site "Birmingham ENG"]
[Date "2006.03.05"]
[Round "8.7"]
[White "Morris, Claire H"]
[Black "Jenks, Bruce"]
[Result "0-1"]
[WhiteElo "1920"]
[BlackElo "2120"]
[PlyCount "88"]
[EventDate "2006.03.05"]
[EventType "team"]
[EventRounds "11"]
[EventCountry "ENG"]
[SourceDate "2005.10.25"]

1. e4 c5 2. Nf3 g6 3. d4 cxd4 4. Nxd4 Nc6 5. Be3 Nf6 6. Nc3 Bg7 7. f3 O-O 8.
Bc4 Qb6 9. Qd3 Ne5 10. Qe2 Qxb2 11. Kd2 Qb4 12. Bb3 Nc6 13. Qc4 Qxc4 14. Bxc4
Nxd4 15. Bxd4 Nxe4+ 16. Kd3 Bxd4 17. Kxd4 Nxc3 18. Kxc3 e6 19. g4 d5 20. Bb3
Bd7 21. h4 a5 22. a4 b5 23. Kd4 Rfc8 24. axb5 a4 25. Ba2 Bxb5 26. Rh2 Kg7 27.
g5 Bc4 28. Bxc4 Rxc4+ 29. Kd3 Rac8 30. Ra3 Rf4 31. Ke3 e5 32. c3 f5 33. gxf6+
Kxf6 34. h5 g5 35. Rd2 Ke6 36. Rb2 Rcf8 37. Rb6+ Kd7 38. Rb7+ Kc6 39. Rxh7
Rxf3+ 40. Kd2 Rf2+ 41. Ke1 Rf1+ 42. Ke2 R8f2+ 43. Kd3 Rh2 44. Ke3 g4 0-1

[Event "4NCL/Div2/GUI3 vs. WES1"]
[Site "Birmingham ENG"]
[Date "2006.03.05"]
[Round "8.8"]
[White "Khoo, Selina"]
[Black "Hale, Peter"]
[Result "1-0"]
[WhiteElo "1997"]
[BlackElo "1570"]
[PlyCount "65"]
[EventDate "2006.03.05"]
[EventType "team"]
[EventRounds "11"]
[EventCountry "ENG"]
[SourceDate "2005.10.25"]

1. e4 e5 2. Bc4 Nf6 3. d3 Bc5 4. Nc3 Nc6 5. f4 d6 6. Nf3 Bg4 7. Bb5 O-O 8. Bxc6
bxc6 9. Na4 Qb8 10. fxe5 dxe5 11. Bd2 Qb5 12. c4 Bxf3 13. gxf3 Qb7 14. Nxc5
Qxb2 15. Na4 Qd4 16. Bc3 Qe3+ 17. Qe2 Qf4 18. Bd2 Qh4+ 19. Qf2 Qxf2+ 20. Kxf2
Rfd8 21. Ke2 Rd6 22. Bb4 Rd4 23. Bc3 Rd6 24. Bxe5 Re6 25. Bxc7 Rc8 26. Bg3 Nh5
27. Rab1 Rg6 28. Rhg1 Re8 29. Bc7 Rf6 30. Rg5 g6 31. Rb7 a6 32. Nc5 Ra8 33. Be5
1-0

[Event "4NCL/Div2/PYO vs. OXF1"]
[Site "Birmingham ENG"]
[Date "2006.03.05"]
[Round "8.1"]
[White "Rendle, Thomas E"]
[Black "Ozeren, Kemal"]
[Result "1/2-1/2"]
[WhiteElo "2340"]
[BlackElo "2286"]
[PlyCount "40"]
[EventDate "2006.03.05"]
[EventType "team"]
[EventRounds "11"]
[EventCountry "ENG"]
[SourceDate "2005.10.25"]

1. e4 c6 2. d4 d5 3. e5 Bf5 4. Nc3 a6 5. Bd3 Bxd3 6. Qxd3 e6 7. f4 c5 8. Nf3
Nh6 9. Be3 Nf5 10. Bf2 cxd4 11. Nxd4 Nxd4 12. Bxd4 Nc6 13. O-O Nxd4 14. Qxd4
Rc8 15. Kh1 Bc5 16. Qd3 g6 17. Rad1 Qc7 18. Ne2 Ba7 19. Qf3 O-O 20. c3 Qc4
1/2-1/2

[Event "4NCL/Div2/PYO vs. OXF1"]
[Site "Birmingham ENG"]
[Date "2006.03.05"]
[Round "8.2"]
[White "Savage, Ben D"]
[Black "Bigg, Andrew J"]
[Result "1-0"]
[WhiteElo "2310"]
[BlackElo "2272"]
[PlyCount "53"]
[EventDate "2006.03.05"]
[EventType "team"]
[EventRounds "11"]
[EventCountry "ENG"]
[SourceDate "2005.10.25"]

1. e4 e6 2. d4 d5 3. Nd2 Nf6 4. e5 Nfd7 5. Bd3 c5 6. c3 Nc6 7. Ne2 cxd4 8. cxd4
f6 9. exf6 Nxf6 10. Nf3 Bd6 11. O-O O-O 12. Nc3 Bd7 13. Re1 Qe8 14. Ne5 Nxd4
15. Bxh7+ Kxh7 16. Qxd4 Qh5 17. f4 Rac8 18. Qd3+ Kg8 19. Nxd7 Nxd7 20. Rxe6
Bc5+ 21. Be3 Rxf4 22. Qxd5 Qf7 23. Bxc5 Rxc5 24. Re8+ Kh7 25. Qd3+ Rcf5 26.
Rae1 Nc5 27. Qb1 1-0

[Event "4NCL/Div2/PYO vs. OXF1"]
[Site "Birmingham ENG"]
[Date "2006.03.05"]
[Round "8.3"]
[White "Eckersley-Waites, Tom"]
[Black "Dickinson, Timothy R"]
[Result "1-0"]
[WhiteElo "2116"]
[BlackElo "2176"]
[PlyCount "31"]
[EventDate "2006.03.05"]
[EventType "team"]
[EventRounds "11"]
[EventCountry "ENG"]
[SourceDate "2005.10.25"]

1. e4 c6 2. d4 d5 3. e5 a6 4. Nc3 c5 5. dxc5 e6 6. Qg4 Qc7 7. Nf3 f5 8. exf6
Nxf6 9. Qg5 h6 10. Qg6+ Kd8 11. Be3 Bd7 12. Bd4 Be8 13. Bxf6+ Kd7 14. Qg4 gxf6
15. Nxd5 f5 16. Qa4+ 1-0

[Event "4NCL/Div2/PYO vs. OXF1"]
[Site "Birmingham ENG"]
[Date "2006.03.05"]
[Round "8.4"]
[White "Smallbone, Kieran"]
[Black "Hulley, John"]
[Result "1-0"]
[WhiteElo "2194"]
[BlackElo "2055"]
[PlyCount "81"]
[EventDate "2006.03.05"]
[EventType "team"]
[EventRounds "11"]
[EventCountry "ENG"]
[SourceDate "2005.10.25"]

1. e4 c5 2. Nf3 d6 3. d4 cxd4 4. Nxd4 Nf6 5. Nc3 g6 6. Be3 Bg7 7. f3 Nc6 8. Bc4
O-O 9. Qd2 Nd7 10. Bb3 Na5 11. Nd5 e6 12. Bg5 Nxb3 13. axb3 Nf6 14. Nc3 a6 15.
Ndb5 Bd7 16. Nxd6 Qc7 17. Nc4 Bc6 18. Bf4 Qd8 19. Qxd8 Raxd8 20. Bc7 Rd7 21.
Be5 Rfd8 22. Nb6 Re7 23. Ke2 Kf8 24. Rhd1 Ke8 25. Bd6 h5 26. Bxe7 Kxe7 27. Rxd8
Kxd8 28. Nc4 Kc7 29. Na5 Bd7 30. Rd1 Ne8 31. Nxb7 Bxc3 32. bxc3 Bb5+ 33. c4
Bxc4+ 34. bxc4 Kxb7 35. Rd7+ Kb6 36. Rxf7 Nd6 37. Re7 Nxc4 38. Rxe6+ Kb5 39.
Rxg6 a5 40. Rg5+ Kb4 41. c3+ 1-0

[Event "4NCL/Div2/PYO vs. OXF1"]
[Site "Birmingham ENG"]
[Date "2006.03.05"]
[Round "8.5"]
[White "Hillman, Jamie O"]
[Black "Milovanovic, Aleksander"]
[Result "0-1"]
[WhiteElo "1999"]
[BlackElo "2220"]
[PlyCount "102"]
[EventDate "2006.03.05"]
[EventType "team"]
[EventRounds "11"]
[EventCountry "ENG"]
[SourceDate "2005.10.25"]

1. e4 c5 2. Nf3 Nc6 3. d4 cxd4 4. Nxd4 g6 5. Nc3 Bg7 6. Be3 Nf6 7. f3 O-O 8.
Qd2 d5 9. O-O-O dxe4 10. Nxc6 Qxd2+ 11. Rxd2 bxc6 12. fxe4 Ng4 13. Nd1 Nxe3 14.
Nxe3 Bh6 15. Rd3 Be6 16. Ra3 Bxa2 17. Rxa2 Bxe3+ 18. Kb1 Rab8 19. Bd3 Rfd8 20.
Rd1 Rd6 21. Ra6 Bb6 22. Be2 Rxd1+ 23. Bxd1 Rd8 24. Bf3 Rd2 25. Ra3 e5 26. Rd3
Rxd3 27. cxd3 Bd4 28. Bg4 Kf8 29. Kc2 Ke7 30. b3 h5 31. Bf3 Kf6 32. Kd2 Kg5 33.
Ke2 Bg1 34. h3 Kf4 35. Kf1 Bd4 36. Ke2 Kg3 37. Kf1 Kh4 38. Ke2 Kg3 39. Kf1 Bc5
40. Ke1 Bb4+ 41. Kf1 Bc3 42. Ke2 Bd4 43. Kf1 Kf4 44. Ke2 c5 45. Kd2 Kg5 46. Ke2
f5 47. Ke1 f4 48. Kf1 Kh4 49. Ke1 g5 50. Kf1 g4 51. Bd1 f3 0-1

[Event "4NCL/Div2/PYO vs. OXF1"]
[Site "Birmingham ENG"]
[Date "2006.03.05"]
[Round "8.6"]
[White "Coleman, James"]
[Black "Wells, Daniel"]
[Result "1-0"]
[WhiteElo "2184"]
[BlackElo "1988"]
[PlyCount "103"]
[EventDate "2006.03.05"]
[EventType "team"]
[EventRounds "11"]
[EventCountry "ENG"]
[SourceDate "2005.10.25"]

1. Nf3 Nf6 2. c4 g6 3. g3 Bg7 4. Bg2 O-O 5. O-O d6 6. Nc3 c5 7. d4 Nc6 8. d5
Na5 9. Nd2 a6 10. Rb1 Rb8 11. Qc2 b5 12. b3 Bd7 13. Bb2 Qc7 14. h3 Rb6 15. e4
Rfb8 16. f4 bxc4 17. bxc4 Ne8 18. Ba1 Rb4 19. Qd3 R8b6 20. Rbe1 Qb8 21. a3 Rb3
22. Nxb3 Nxb3 23. Bb2 Nd4 24. Bc1 Rb3 25. Bd2 Rxa3 26. Ra1 Rb3 27. Rxa6 Nc7 28.
Raa1 Ncb5 29. Rfc1 Na3 30. Kh2 Qb4 31. Qf1 h5 32. Nb1 Qa4 33. Rxa3 Rxa3 34.
Nxa3 Qxa3 35. Rc3 Qa2 36. Qd3 Qb2 37. Ra3 Nc2 38. Rb3 Qa2 39. Rb8+ Kh7 40. Qb3
Qxb3 41. Rxb3 Ba4 42. Rb7 Na3 43. Bf1 Bf6 44. Bd3 Bc2 45. Bxc2 Nxc2 46. e5 dxe5
47. fxe5 Bxe5 48. Rxe7 Nd4 49. Kg2 Bxg3 50. Bc3 h4 51. Bxd4 cxd4 52. Re4 1-0

[Event "4NCL/Div2/PYO vs. OXF1"]
[Site "Birmingham ENG"]
[Date "2006.03.05"]
[Round "8.7"]
[White "Hegarty, Sarah"]
[Black "Webster, Ian"]
[Result "1-0"]
[WhiteElo "1887"]
[BlackElo "2119"]
[PlyCount "72"]
[EventDate "2006.03.05"]
[EventType "team"]
[EventRounds "11"]
[EventCountry "ENG"]
[SourceDate "2005.10.25"]

1. e4 c5 2. Nc3 e6 3. g3 b6 4. Bg2 Bb7 5. Nge2 d6 6. d3 Be7 7. Be3 a6 8. O-O
Qc7 9. f4 Nd7 10. f5 e5 11. Nd5 Bxd5 12. exd5 Ngf6 13. c3 Rb8 14. h3 h5 15. d4
b5 16. dxe5 dxe5 17. a4 b4 18. c4 Bd6 19. b3 a5 20. Qd2 Kd8 21. Rad1 Kc8 22.
Qc2 Kb7 23. Kh1 Ka6 24. Rf2 Rbe8 25. Re1 Re7 26. Rff1 Rhe8 27. Qd1 e4 28. Nf4
Re5 29. Nxh5 Nxh5 30. Qxh5 g6 31. Qg4 Rxf5 32. Rxf5 gxf5 33. Qxf5 Bxg3 34. Qxf7
Rf8 35. Qe6+ Nb6 36. Rd1 Qh7 1-0

[Event "4NCL/Div2/PYO vs. OXF1"]
[Site "Birmingham ENG"]
[Date "2006.03.05"]
[Round "8.8"]
[White "Levicki, Jeffrey"]
[Black "Thilaganathan, Jessica"]
[Result "0-1"]
[WhiteElo "1880"]
[BlackElo "1900"]
[PlyCount "52"]
[EventDate "2006.03.05"]
[EventType "team"]
[EventRounds "11"]
[EventCountry "ENG"]
[SourceDate "2005.10.25"]

1. e4 e6 2. d4 d5 3. exd5 exd5 4. c4 c6 5. Nc3 Nf6 6. Nf3 Be7 7. cxd5 Nxd5 8.
Bc4 Nf6 9. O-O O-O 10. Ne5 Nbd7 11. Qb3 Nxe5 12. dxe5 Ng4 13. Re1 Qd4 14. Re2
b5 15. Nxb5 cxb5 16. Bd5 Rb8 17. h3 Nxf2 18. Be3 Nxh3+ 19. gxh3 Qxe5 20. Rf1
Bf6 21. Rg2 Bxh3 22. Bf4 Qd4+ 23. Rgf2 Bxf1 24. Bxb8 Bc4 25. Bxc4 bxc4 26. Qg3
Bh4 0-1

[Event "4NCL/Div2/BRI1 vs. RICA"]
[Site "Birmingham ENG"]
[Date "2006.03.05"]
[Round "8.1"]
[White "Beaumont, Chris"]
[Black "Hinks-Edwards, Thomas"]
[Result "1/2-1/2"]
[WhiteElo "2329"]
[BlackElo "2343"]
[PlyCount "84"]
[EventDate "2006.03.05"]
[EventType "team"]
[EventRounds "11"]
[EventCountry "ENG"]
[SourceDate "2005.10.25"]

1. e4 c5 2. c3 d5 3. exd5 Qxd5 4. d4 Nf6 5. Nf3 Bg4 6. dxc5 Qxd1+ 7. Kxd1 e5 8.
b4 e4 9. h3 Bh5 10. g4 Nxg4 11. hxg4 Bxg4 12. Nbd2 exf3 13. Bd3 Nc6 14. Re1+
Be7 15. Kc2 Kf8 16. Be4 Re8 17. Nxf3 Bf6 18. Bxc6 Rxe1 19. Nxe1 bxc6 20. Bf4 g5
21. Bd6+ Kg7 22. a4 a6 23. Ng2 Bf3 24. Ne3 h5 25. Rg1 Kg6 26. c4 h4 27. b5 cxb5
28. cxb5 axb5 29. axb5 Re8 30. c6 Be5 31. Nc4 Bd4 32. Bf4 Kf5 33. Nd6+ Kxf4 34.
Nxe8 Be5 35. c7 Bb7 36. Kd3 h3 37. Kc4 h2 38. Rd1 Bxc7 39. Nxc7 h1=Q 40. Rxh1
Bxh1 41. Kd4 Bb7 42. Ne8 f5 1/2-1/2

[Event "4NCL/Div2/BRI1 vs. RICA"]
[Site "Birmingham ENG"]
[Date "2006.03.05"]
[Round "8.2"]
[White "Van de Griendt, Jan W"]
[Black "Cobb, Charles"]
[Result "0-1"]
[WhiteElo "2380"]
[BlackElo "2404"]
[PlyCount "85"]
[EventDate "2006.03.05"]
[EventType "team"]
[EventRounds "11"]
[EventCountry "ENG"]
[SourceDate "2005.10.25"]

1. d4 e6 2. c4 Nf6 3. Nf3 d5 4. Nc3 Nbd7 5. cxd5 exd5 6. Bg5 c6 7. Qc2 Be7 8.
e3 O-O 9. Bd3 Re8 10. O-O-O Nf8 11. Rdg1 Be6 12. Bxf6 Bxf6 13. g4 Rc8 14. g5
Be7 15. h4 c5 16. Kb1 c4 17. Bf5 b5 18. a3 b4 19. axb4 Bxb4 20. Bxe6 Rxe6 21.
Qa4 Rb6 22. Na2 Rcb8 23. Ka1 Bd6 24. Rb1 Qc8 25. Qc2 Qa6 26. Rbc1 Rb4 27. Ne1
Rxb2 28. Qxb2 Rxb2 29. Kxb2 Ba3+ 30. Kc2 Qa4+ 31. Kd2 Bxc1+ 32. Nxc1 Qb4+ 33.
Kd1 g6 34. Nc2 Qa4 35. Ne2 Qa5 36. Nf4 Ne6 37. Nxe6 fxe6 38. Ke2 Qc3 39. Rc1
Qb2 40. Kd2 Qb3 41. Ra1 Qd3+ 42. Kc1 c3 43. Kb1 0-1

[Event "4NCL/Div2/BRI1 vs. RICA"]
[Site "Birmingham ENG"]
[Date "2006.03.05"]
[Round "8.3"]
[White "Buckley, David E"]
[Black "Wall, Gavin"]
[Result "1/2-1/2"]
[WhiteElo "2246"]
[BlackElo "2348"]
[PlyCount "34"]
[EventDate "2006.03.05"]
[EventType "team"]
[EventRounds "11"]
[EventCountry "ENG"]
[SourceDate "2005.10.25"]

1. e4 e5 2. Nf3 d6 3. d4 exd4 4. Nxd4 Nf6 5. Nc3 Be7 6. g3 d5 7. exd5 Nxd5 8.
Bd2 Nb4 9. Nb3 Bf5 10. Rc1 Qd7 11. Bg2 Bg4 12. f3 Bh3 13. O-O Bxg2 14. Kxg2
N8c6 15. a3 Nd5 16. Nxd5 Qxd5 17. Bc3 Qxd1 1/2-1/2

[Event "4NCL/Div2/BRI1 vs. RICA"]
[Site "Birmingham ENG"]
[Date "2006.03.05"]
[Round "8.4"]
[White "Bisby, Daniel L"]
[Black "Sherwin, James T"]
[Result "1/2-1/2"]
[WhiteElo "2274"]
[BlackElo "2274"]
[PlyCount "38"]
[EventDate "2006.03.05"]
[EventType "team"]
[EventRounds "11"]
[EventCountry "ENG"]
[SourceDate "2005.10.25"]

1. e4 c5 2. Nf3 d6 3. c3 Nf6 4. Be2 Nc6 5. d4 e6 6. Nbd2 Be7 7. O-O O-O 8. Re1
b6 9. Bd3 Bb7 10. a3 Re8 11. Qe2 Nd7 12. b4 cxd4 13. cxd4 Nf8 14. Nb3 Nb8 15.
Bd2 Nbd7 16. a4 a6 17. Rac1 Nf6 18. e5 Nd5 19. b5 a5 1/2-1/2

[Event "4NCL/Div2/BRI1 vs. RICA"]
[Site "Birmingham ENG"]
[Date "2006.03.05"]
[Round "8.5"]
[White "Collier, David O"]
[Black "Nixon, Thomas C M"]
[Result "1-0"]
[WhiteElo "2142"]
[BlackElo "2216"]
[PlyCount "115"]
[EventDate "2006.03.05"]
[EventType "team"]
[EventRounds "11"]
[EventCountry "ENG"]
[SourceDate "2005.10.25"]

1. d4 Nf6 2. Bg5 d5 3. Bxf6 exf6 4. e3 c6 5. c4 dxc4 6. Bxc4 Bd6 7. Nf3 O-O 8.
O-O Bg4 9. Nbd2 Nd7 10. h3 Bh5 11. Qc2 Rc8 12. Bd3 Bg6 13. Bxg6 hxg6 14. Ne4
Be7 15. Rfd1 Qa5 16. a3 f5 17. b4 Qc7 18. Nc3 a5 19. Qb3 axb4 20. axb4 Qb6 21.
Rab1 Nf6 22. Ne5 Bd6 23. Nxg6 Rfe8 24. Nh4 f4 25. Nf5 Bb8 26. exf4 Bxf4 27. g3
Bb8 28. b5 Qa5 29. Re1 Qc7 30. bxc6 bxc6 31. Qb4 Kh7 32. Re7 Rxe7 33. Qxe7 Qa5
34. Qc5 Qc7 35. Ne7 Re8 36. Nxc6 Nd7 37. Qf5+ Kg8 38. Nxb8 Nxb8 39. Qc5 Qd7 40.
Qb5 Qe6 41. d5 Qe5 42. d6 Qe6 43. Rd1 Rc8 44. Qb7 Rxc3 45. Qxb8+ Rc8 46. Qb6
Qe2 47. Qd4 Rd8 48. d7 Qe7 49. h4 Kf8 50. Qg4 Qf6 51. Re1 Qc6 52. Rd1 Kg8 53.
Qf5 Kf8 54. Qh7 Qf6 55. Re1 g6 56. Qh6+ Kg8 57. Re8+ Rxe8 58. dxe8=R# 1-0

[Event "4NCL/Div2/BRI1 vs. RICA"]
[Site "Birmingham ENG"]
[Date "2006.03.05"]
[Round "8.6"]
[White "Franklin, Michael J"]
[Black "Easton, Alex"]
[Result "1/2-1/2"]
[WhiteElo "2231"]
[BlackElo "2100"]
[PlyCount "62"]
[EventDate "2006.03.05"]
[EventType "team"]
[EventRounds "11"]
[EventCountry "ENG"]
[SourceDate "2005.10.25"]

1. d4 Nf6 2. Nf3 g6 3. Bf4 Bg7 4. e3 O-O 5. h3 d6 6. Be2 c5 7. c3 Be6 8. Nbd2
Qb6 9. dxc5 Qxc5 10. e4 Nc6 11. Be3 Qa5 12. Nd4 Nxd4 13. Bxd4 Rfc8 14. O-O Bd7
15. Re1 Bc6 16. Nc4 Qg5 17. Be3 Qh4 18. e5 dxe5 19. Nxe5 Nd5 20. Nxc6 Nxe3 21.
Nxe7+ Qxe7 22. fxe3 Qxe3+ 23. Kf1 Rd8 24. Qa4 Bf8 25. Bf3 Qd3+ 26. Kg1 Bc5+ 27.
Kh1 Qd2 28. Re2 Qg5 29. Rae1 Qg3 30. Qg4 Qxg4 31. Bxg4 b6 1/2-1/2

[Event "4NCL/Div2/BRI1 vs. RICA"]
[Site "Birmingham ENG"]
[Date "2006.03.05"]
[Round "8.7"]
[White "Curtis, John"]
[Black "Mitchem, Nicholas D"]
[Result "1/2-1/2"]
[WhiteElo "2126"]
[BlackElo "2060"]
[PlyCount "71"]
[EventDate "2006.03.05"]
[EventType "team"]
[EventRounds "11"]
[EventCountry "ENG"]
[SourceDate "2005.10.25"]

1. d4 Nf6 2. Nf3 d5 3. e3 Bg4 4. c4 Bxf3 5. Qxf3 c6 6. Nc3 e6 7. Bd3 Nbd7 8.
O-O Be7 9. Rd1 O-O 10. e4 dxe4 11. Nxe4 Nxe4 12. Qxe4 Nf6 13. Qf3 Qa5 14. Bd2
Qh5 15. Qxh5 Nxh5 16. Be2 Nf6 17. Bf3 Rfd8 18. Be3 h6 19. Rd2 Rd7 20. Rad1 Rad8
21. a3 Nh7 22. g3 Bg5 23. Kf1 Bxe3 24. fxe3 Nf6 25. Ke2 Kf8 26. b4 a6 27. a4
Ke7 28. Rd3 Ne8 29. c5 Nc7 30. e4 f5 31. R1d2 fxe4 32. Bxe4 Nd5 33. Bxd5 Rxd5
34. Ke3 e5 35. dxe5 Rxe5+ 36. Kf3 1/2-1/2

[Event "4NCL/Div2/BRI1 vs. RICA"]
[Site "Birmingham ENG"]
[Date "2006.03.05"]
[Round "8.8"]
[White "Wilson, Alexandra"]
[Black "James, Ann-Marie"]
[Result "1-0"]
[WhiteElo "2101"]
[BlackElo "2082"]
[PlyCount "63"]
[EventDate "2006.03.05"]
[EventType "team"]
[EventRounds "11"]
[EventCountry "ENG"]
[SourceDate "2005.10.25"]

1. e4 e5 2. Nf3 Nc6 3. Bb5 Bc5 4. O-O Nf6 5. Qe2 O-O 6. c3 d6 7. h3 Bd7 8. Rd1
Re8 9. d3 h6 10. Nbd2 a6 11. Ba4 Ba7 12. Bc2 Ne7 13. Nf1 Ng6 14. Ng3 Nh7 15. d4
Nh4 16. dxe5 Nxf3+ 17. Qxf3 Rxe5 18. Bf4 Re8 19. Rd2 Qh4 20. Rd5 Nf6 21. Nf5
Bxf5 22. Rxf5 Nd7 23. Bb3 Rf8 24. Rh5 Qf6 25. Qg3 Kh8 26. Rf5 Qe7 27. Bc2 Rg8
28. Rh5 Nf6 29. Rh4 Nh7 30. e5 dxe5 31. Bxe5 Rae8 32. Rxh6 1-0

[Event "4NCL/Div2/SWD1 vs. CAMB1"]
[Site "Birmingham ENG"]
[Date "2006.03.05"]
[Round "8.1"]
[White "Cobb, James E"]
[Black "Dearing, Eddie"]
[Result "1/2-1/2"]
[WhiteElo "2365"]
[BlackElo "2416"]
[PlyCount "56"]
[EventDate "2006.03.05"]
[EventType "team"]
[EventRounds "11"]
[EventCountry "ENG"]
[SourceDate "2005.10.25"]

1. d4 d5 2. c4 c6 3. Nf3 Nf6 4. Nc3 e6 5. e3 Nbd7 6. Qc2 Bd6 7. g4 dxc4 8. Bxc4
e5 9. Bd2 exd4 10. Nxd4 Ne5 11. Be2 Nexg4 12. Rg1 Qe7 13. h3 Ne5 14. O-O-O Bxh3
15. f4 Ng6 16. f5 Ne5 17. Rxg7 O-O-O 18. Ncb5 Bb8 19. a3 h5 20. Bb4 Qe8 21. Qc5
b6 22. Nxa7+ Kb7 23. Qe7+ Rd7 24. Qxf6 Bxa7 25. Nxc6 Rxd1+ 26. Kxd1 Nxc6 27.
Rxf7+ Ka8 28. Bb5 Qd8+ 1/2-1/2

[Event "4NCL/Div2/SWD1 vs. CAMB1"]
[Site "Birmingham ENG"]
[Date "2006.03.05"]
[Round "8.2"]
[White "Pinter, Gabor"]
[Black "Jones, Richard S"]
[Result "1-0"]
[WhiteElo "2353"]
[BlackElo "2294"]
[PlyCount "59"]
[EventDate "2006.03.05"]
[EventType "team"]
[EventRounds "11"]
[EventCountry "ENG"]
[SourceDate "2005.10.25"]

1. e4 c5 2. Nf3 d6 3. Bb5+ Nc6 4. O-O Bd7 5. c3 Nf6 6. Qe2 a6 7. Ba4 b5 8. Bc2
Bg4 9. h3 Bxf3 10. Qxf3 g6 11. a4 b4 12. Rd1 Rc8 13. Qe2 Qb6 14. a5 Qb7 15. d4
cxd4 16. cxd4 Nxd4 17. Rxd4 b3 18. Nc3 bxc2 19. Qxc2 Bg7 20. Raa4 Nd7 21. Rdb4
Qc6 22. Qe2 O-O 23. Rc4 Nc5 24. Nd5 Rfe8 25. Rab4 e6 26. Nb6 Rcd8 27. Be3 Bf8
28. Qc2 Rb8 29. e5 Qb7 30. exd6 1-0

[Event "4NCL/Div2/SWD1 vs. CAMB1"]
[Site "Birmingham ENG"]
[Date "2006.03.05"]
[Round "8.3"]
[White "Dineley, Richard D P"]
[Black "Churm, Rohan M"]
[Result "1/2-1/2"]
[WhiteElo "2264"]
[BlackElo "2166"]
[PlyCount "123"]
[EventDate "2006.03.05"]
[EventType "team"]
[EventRounds "11"]
[EventCountry "ENG"]
[SourceDate "2005.10.25"]

1. e4 e6 2. d4 d5 3. Nd2 c5 4. exd5 exd5 5. Ngf3 Nc6 6. Bb5 Bd6 7. dxc5 Bxc5 8.
O-O Nge7 9. Nb3 Bd6 10. Re1 O-O 11. Bd3 f6 12. h3 Ne5 13. Nbd4 Bd7 14. c3 a6
15. Bc2 Qc7 16. Bf4 Nc4 17. Bxd6 Qxd6 18. Qb1 g6 19. Re2 Rf7 20. Bd3 Ne5 21.
Qc2 N7c6 22. Rae1 Rc8 23. Nxe5 Nxd4 24. Nxf7 Nxe2+ 25. Bxe2 Kxf7 26. Qd2 Bc6
27. Rd1 Rd8 28. Qh6 Kg8 29. Rd4 Qe5 30. Qd2 Re8 31. Bf3 Qe1+ 32. Kh2 Qxd2 33.
Rxd2 Re5 34. Bd1 Kf7 35. f4 Re1 36. Kg3 Ke6 37. Kf2 Rh1 38. Bf3 Rb1 39. Ke3
Re1+ 40. Re2 Rd1 41. Kf2+ Kd6 42. Re6+ Kxe6 43. Bxd1 Kd6 44. g3 Bd7 45. h4 Bf5
46. b4 b6 47. Ke3 h6 48. Kd4 g5 49. fxg5 fxg5 50. Bf3 Be6 51. Bg2 a5 52. a3 Bf7
53. hxg5 hxg5 54. Bf3 Be6 55. Bh5 Bg8 56. Bd1 Bf7 57. Bb3 Be6 58. Ba2 Bf7 59.
Bb3 Be6 60. c4 dxc4 61. Bxc4 axb4 62. axb4 1/2-1/2

[Event "4NCL/Div2/SWD1 vs. CAMB1"]
[Site "Birmingham ENG"]
[Date "2006.03.05"]
[Round "8.4"]
[White "Eckersley-Waites, Adam"]
[Black "Blackburn, Jonathan L B"]
[Result "1-0"]
[WhiteElo "2143"]
[BlackElo "2208"]
[PlyCount "93"]
[EventDate "2006.03.05"]
[EventType "team"]
[EventRounds "11"]
[EventCountry "ENG"]
[SourceDate "2005.10.25"]

1. e4 e6 2. d4 d5 3. Nc3 Bb4 4. e5 c5 5. a3 Ba5 6. b4 cxd4 7. Nb5 Bc7 8. f4 Bd7
9. Nxc7+ Qxc7 10. Nf3 a6 11. a4 Nc6 12. Bd2 Nh6 13. b5 Na5 14. Nxd4 Nc4 15. Bb4
a5 16. Ba3 Nxa3 17. Rxa3 Qc5 18. Qa1 Nf5 19. Nxf5 exf5 20. Qc3 Qb6 21. Qe3 d4
22. Qc1 Be6 23. Bd3 Rc8 24. O-O O-O 25. g4 g6 26. gxf5 gxf5 27. Qe1 Kh8 28. Rf3
Rg8+ 29. Rg3 Rxg3+ 30. hxg3 Bd5 31. Qf2 Qc5 32. Ra1 Be4 33. Rd1 Rd8 34. Qe1 Rg8
35. Kf2 b6 36. Qd2 Rd8 37. g4 Qc8 38. Qe2 Bxd3 39. Qxd3 fxg4 40. Rh1 f5 41.
exf6 Qb7 42. Re1 Qf7 43. Qf5 g3+ 44. Kg1 d3 45. Rd1 d2 46. Qe5 Qd5 47. Rxd2 1-0

[Event "4NCL/Div2/SWD1 vs. CAMB1"]
[Site "Birmingham ENG"]
[Date "2006.03.05"]
[Round "8.5"]
[White "James, David J"]
[Black "Regan, Natasha"]
[Result "1-0"]
[WhiteElo "2222"]
[BlackElo "2208"]
[PlyCount "117"]
[EventDate "2006.03.05"]
[EventType "team"]
[EventRounds "11"]
[EventCountry "ENG"]
[SourceDate "2005.10.25"]

1. d4 Nf6 2. c4 g6 3. Nc3 Bg7 4. e4 d6 5. f3 O-O 6. Be3 Na6 7. Bd3 c5 8. d5 Nd7
9. f4 Nb4 10. Be2 f5 11. exf5 Rxf5 12. Nf3 e6 13. dxe6 Nb6 14. Ng5 Qe7 15. a3
h6 16. axb4 Bxc3+ 17. bxc3 hxg5 18. O-O Bxe6 19. Bg4 Rf7 20. Re1 Bxg4 21. Qxg4
Nxc4 22. Bxc5 Qd7 23. Qe2 Rxf4 24. g3 Rf7 25. Qxc4 dxc5 26. Qxc5 Qg4 27. Rf1
Rf5 28. Qd6 Rxf1+ 29. Rxf1 Qe4 30. Qd2 Qe5 31. Re1 Qf5 32. Qd4 a6 33. Rf1 Qe6
34. Qf6 Qxf6 35. Rxf6 Kg7 36. Rb6 Rb8 37. c4 Kh6 38. c5 Rc8 39. Rxb7 a5 40.
bxa5 Rxc5 41. a6 Ra5 42. a7 g4 43. Kf2 Ra3 44. Ke2 Kg5 45. Kd2 Kf5 46. Kc2 Ke4
47. Kb2 Ra6 48. Rc7 Ke5 49. Kb3 Ra1 50. Kb4 Kd6 51. Rg7 Ke5 52. Kb5 Ke4 53. Rf7
Kd5 54. Kb6 Ra2 55. Kb7 Rb2+ 56. Kc8 Rc2+ 57. Rc7 Ra2 58. Kb8 Rb2+ 59. Rb7 1-0

[Event "4NCL/Div2/SWD1 vs. CAMB1"]
[Site "Birmingham ENG"]
[Date "2006.03.05"]
[Round "8.6"]
[White "Pickard, Charles"]
[Black "Zeidler, Sven P"]
[Result "1/2-1/2"]
[WhiteElo "2125"]
[BlackElo "2203"]
[PlyCount "90"]
[EventDate "2006.03.05"]
[EventType "team"]
[EventRounds "11"]
[EventCountry "ENG"]
[SourceDate "2005.10.25"]

1. c4 f5 2. Nc3 Nf6 3. g3 g6 4. Bg2 Bg7 5. d4 d6 6. Nf3 O-O 7. d5 c6 8. O-O e5
9. dxe6 Bxe6 10. Qd3 Nbd7 11. Ng5 Ne5 12. Nxe6 Qe7 13. Qc2 Qxe6 14. b3 d5 15.
cxd5 cxd5 16. Nb5 Qb6 17. a4 Rac8 18. Qd1 a6 19. Be3 Qe6 20. Nd4 Qd7 21. f3
Rfe8 22. Qd2 Qe7 23. Rac1 Nc4 24. bxc4 Qxe3+ 25. Qxe3 Rxe3 26. cxd5 Rxc1 27.
Rxc1 Nxd5 28. Rc8+ Kf7 29. f4 Nc3 30. Nf3 h6 31. Rc7+ Re7 32. Rxe7+ Kxe7 33.
Nh4 b5 34. axb5 axb5 35. e3 Kf7 36. Bf1 b4 37. Bc4+ Kf6 38. Kf2 Bf8 39. Nf3 Bc5
40. Bb3 g5 41. fxg5+ hxg5 42. Nd2 f4 43. gxf4 gxf4 44. Nf1 Ne4+ 45. Ke2 fxe3
1/2-1/2

[Event "4NCL/Div2/SWD1 vs. CAMB1"]
[Site "Birmingham ENG"]
[Date "2006.03.05"]
[Round "8.7"]
[White "Morris, Charles F"]
[Black "Low, Ying Min"]
[Result "1-0"]
[WhiteElo "2203"]
[BlackElo "2050"]
[PlyCount "69"]
[EventDate "2006.03.05"]
[EventType "team"]
[EventRounds "11"]
[EventCountry "ENG"]
[SourceDate "2005.10.25"]

1. Nf3 c5 2. c4 Nf6 3. g3 d5 4. cxd5 Nxd5 5. Bg2 Nc6 6. Nc3 Nc7 7. d3 e5 8. Be3
Rb8 9. Nd2 Bd7 10. O-O Be7 11. Nc4 f6 12. f4 exf4 13. Bxf4 Rc8 14. Ne4 O-O 15.
Ncd6 Bxd6 16. Bxd6 b6 17. Bxf8 Qxf8 18. Ng5 Nd4 19. e3 Nde6 20. Qb3 Kh8 21. Ne4
Qe7 22. Rfe1 Nd8 23. Nc3 Nf7 24. d4 Nh6 25. Qa3 a6 26. dxc5 bxc5 27. Rad1 Bg4
28. Rd2 Nf7 29. Ne4 Ne8 30. Qxa6 Ne5 31. Nf2 Rd8 32. Rxd8 Qxd8 33. Nxg4 Nxg4
34. Qa8 Qe7 35. Bc6 1-0